LEADER 01070nam a2200253 i 4500 001 991003055989707536 008 071121s2004 it 000 0 ita d 020 $a8846459369 035 $ab13622948-39ule_inst 040 $aSet. Economia - SAGA$bita 082 0 $a069.068 245 00$aCreare e valorizzare i distretti museali /$cBarbara Sibilio Parri (a cura di) 260 $aMilano :$bAngeli,$cc2004 300 $a322 p. ;$c23 cm 500 $aAtti del convegno: L'azienda museo: dalla conservazione del valore alla creazione di valori, Firenze, 6-7/11/2003 650 04$aMusei$xGestione 650 04$aMusei$xOrganizzazione 700 1 $aSibilio Parri, Barbara$eauthor$4http://id.loc.gov/vocabulary/relators/aut$0105484 907 $a.b13622948$b28-01-14$c21-11-07 912 $a991003055989707536 945 $aLE025 ECO 069 SIB01.01$g1$i2025000213609$lle025$n2007$o-$pE31.00$q-$rl$s- $t0$u11$v8$w11$x0$y.i1461411x$z21-11-07 996 $aCreare e valorizzare i distretti museali$91463666 997 $aUNISALENTO 998 $ale025$b21-11-07$cm$da $e-$fita$git $h0$i0 LEADER 01116nam a2200301 i 4500 001 991002951709707536 005 20021022144258.0 008 960610s1979 it ||| | ita 035 $ab11733093-39ule_inst 035 $aLE021FD223439$9ExL 040 $aDip. SSSC$bita 100 1 $aCorneille, Pierre$d<1606-1684>$0131516 245 12$aL'illusione teatrale /$cPierre Corneille ; traduzione e appunti di lettura di Vittorio Sereni ; appunti di regia di Walter Pagliaro 260 $aMilano :$bGuanda,$c1979 300 $a165 p. ;$c20 cm. 500 $aTit. orig. : L'illusion comique. 650 4$aAdattamento teatrale 650 4$aFrancia$xTeatro$ySec. 17 650 4$aRegia teatrale 650 4$aTeorie sul dramma 700 1 $aSereni, Vittorio 700 1 $aPagliaro, Walter 907 $a.b11733093$b21-09-06$c24-10-02 912 $a991002951709707536 945 $aLE021FD TF10E15$g1$iLE021FD-3382$lle023$nFondo D'Amico$o-$pE0.00$q-$rn$so $t0$u0$v0$w0$x0$y.i11973018$z24-10-02 996 $aIllusione teatrale$9903004 997 $aUNISALENTO 998 $ale021$b10-06-96$cm$da $e-$fita$git $h2$i1 LEADER 01690nas 2200553- 450 001 9910303544203321 005 20241221110245.0 011 $a1755-2931 035 $a(CKB)1000000000366547 035 $a(CONSER)--2016260331 035 $a(MiFhGG)8QNT 035 $a(DE-599)ZDB0960-0604;1755-2923;1755-2931 035 $a(MiAaPQ)55198 035 $a(OCoLC)692999270 035 $a(EXLCZ)991000000000366547 100 $a20080421a20089999 --- a 101 0 $aeng 135 $aurmn||||||||| 181 $ctxt$2rdacontent 181 $csti$2rdacontent 182 $cc$2rdamedia 183 $acr$2rdacarrier 200 00$aAnthropological journal of European cultures 210 1$aNew York, NY ;$aOxford, United Kingdom :$cBerghahn Journals,$d2008- 300 $aSome volumes have also distinctive titles. 300 $aRefereed/Peer-reviewed 311 08$a1755-2923 517 1 $aAJEC 531 0 $aAnthropol. j. Eur. cult. 606 $aAnthropology$vPeriodicals 606 $aEthnology$zEurope$vPeriodicals 606 $aAnthropology$2fast$3(OCoLC)fst00810196 606 $aEthnology$2fast$3(OCoLC)fst00916106 606 $aManners and customs$2fast$3(OCoLC)fst01007815 607 $aEurope$xSocial life and customs$vPeriodicals 607 $aEurope$2fast 608 $aPeriodicals.$2fast 608 $aPeriodicals.$2lcgft 615 0$aAnthropology 615 0$aEthnology 615 7$aAnthropology. 615 7$aEthnology. 615 7$aManners and customs. 676 $a301 676 $a301.05 906 $aJOURNAL 912 $a9910303544203321 996 $aAnthropological journal of European cultures$92117241 997 $aUNINA